| 000 | 00474pab a2200157 454500 | ||
|---|---|---|---|
| 008 | 180718b2003 xxu||||| |||| 00| 0 eng d | ||
| 100 | _aSarkar, Sumita | ||
| 245 | _aDevelopments in information technology and criminal vulnerability: an emerging challenge in Urban India | ||
| 260 | _c2003 | ||
| 300 | _ap.62-74. | ||
| 362 | _aOct-Dec | ||
| 650 | _aInformation technology - India | ||
| 650 | _aInformation technology | ||
| 773 | _aIndian Police Journal | ||
| 909 | _a60270 | ||
| 999 |
_c60270 _d60270 |
||